Statistics for 250 World Cities furthest from Larger City

Click here to take the quiz!

General Stats

  • This quiz has been taken 90 times
  • The average score is 157 of 250

Answer Stats

D2L (km) City % Correct
1,261Cape Town
98%
567San Francisco
98%
2,500London
98%
3,360New York
98%
1,484Miami
96%
1,158Chicago
96%
1,054Madrid
96%
541Toronto
96%
4,483Johannesburg
96%
11,319Mexico City
96%
2,479Los Angeles
96%
2,899Moscow
96%
1,800Dakar
95%
1,781Kinshasa
95%
570Athens
95%
1,674Buenos Aires
95%
635Saint Petersburg
95%
695Baghdad
95%
987Addis Ababa
95%
758Kiev
95%
1,325Reykjavík
95%
1,301Riyadh
95%
934Denver
95%
869Atlanta
95%
1,282Dallas
95%
691Stockholm
95%
4,363Cairo
95%
3,654New Delhi
95%
1,092Seattle
95%
568Phoenix
95%
6,366Lagos
95%
1,242Manila
93%
1,078La Paz
93%
7,423São Paulo
93%
690Budapest
93%
1,337Santo Domingo
93%
861Dubai
93%
3,852Honolulu
93%
1,425Dhaka
93%
682Colombo
93%
566Minneapolis
93%
825Asunción
93%
3,319Jakarta
93%
1,139Santiago
93%
938Caracas
93%
1,913Tehran
93%
541Baku
93%
1,869Bogotá
93%
2,453Dar es Salaam
93%
1,021Mogadishu
93%
657Naples
93%
2,903Tokyo
93%
1,157Mumbai
93%
3,130Lima
93%
643Milan
93%
1,059Guatemala City
93%
1,177Kuala Lumpur
91%
1,243Istanbul
91%
861Sana'a
91%
870Seoul
91%
1,606Khartoum
91%
623Brasília
91%
1,533Bangkok
91%
570Tunis
91%
1,610Antananarivo
91%
552Hanoi
91%
958Beijing
91%
2,134Anchorage
91%
2,161Auckland
91%
2,729Perth
91%
1,294Manaus
89%
831Casablanca
89%
667Nairobi
89%
708Melbourne
89%
537Kuwait City
89%
5,380Sydney
89%
601Salt Lake City
89%
583Kabul
88%
887Karachi
88%
1,190Lusaka
88%
1,201Shanghai
88%
847Jeddah
88%
738Brisbane
88%
549Luanda
88%
871San José
86%
832Abidjan
86%
655Adelaide
86%
748Ho Chi Minh City
86%
---Guangzhou
86%
1,141Windhoek
86%
1,437Nuuk
86%
710N'Djamena
84%
754Tashkent
84%
1,630Recife
82%
609Malé
82%
783Bangui
82%
920Bamako
81%
720Darwin
81%
2,083Port Moresby
81%
831Sapporo
81%
706Conakry
81%
633Monterrey
81%
675Calgary
81%
575Yangon
81%
725Yaoundé
81%
1,018Yekaterinburg
81%
619Winnipeg
79%
839Ulaanbaatar
79%
650Praia
79%
1,088Victoria
79%
662Port Elizabeth
79%
880Port Louis
79%
565Xi'an
79%
994Guayaquil
77%
844Porto Alegre
77%
627Fortaleza
77%
591Saint John's
77%
837Bangalore
75%
872Juneau
75%
1,786Ürümqi
75%
628Ouagadougou
75%
1,333Suva
75%
582Hobart
75%
641Halifax
74%
1,405Honiara
74%
667Salvador
74%
833Kano
74%
1,129Belém
74%
1,284Alice Springs
72%
1,151Apia
72%
1,871South Tarawa
70%
1,240Chengdu
70%
666Almaty
70%
593Murmansk
70%
1,291Novosibirsk
70%
570Cebu
68%
652Benghazi
68%
538Port Vila
68%
611Omsk
68%
659Yellowknife
68%
688Wuhan
67%
573Surabaya
67%
646Córdoba
65%
875Funafuti
65%
542Santa Cruz
63%
744Nukuʻalofa
63%
619Las Palmas
63%
737Mashhad
60%
562Ciudad Juárez
60%
661Majuro
58%
821Iqaluit
58%
627Mérida
58%
1,353Yakutsk
58%
527Samara
56%
593Billings
54%
698Stanley
53%
1,083Townsville
53%
1,296Georgetown
53%
1,456Nouméa
51%
861Longyearbyen
49%
630Kunming
49%
561Tromsø
47%
522Tórshavn
47%
804Barrow
47%
775Makassar
47%
560Shenyang
46%
1,512Petropavlovsk-Kamchatsky
44%
634Krasnoyarsk
42%
847Punta Arenas
42%
3,535Hanga Roa
42%
745Mbuji-Mayi
42%
2,409Faaa
42%
626Naha
40%
2,039Saipan
40%
539Adamstown
39%
1,492Anadyr
39%
971Ponta Delgada
39%
1,456Grytviken
39%
1,083Saint George's
39%
1,082Norilsk
39%
3,482McMurdo Station
39%
1,046Jayapura
37%
758Kisangani
37%
542Kalgoorlie
35%
737Arkhangelsk
35%
2,429Edinburgh of the Seven Seas
35%
985West Island
35%
702Iquitos
35%
619Campo Grande
35%
1,139Avarua
35%
872Magadan
33%
604Port Blair
33%
3,345Port-aux-Français
33%
656Comodoro Rivadavia
33%
709Kingston
33%
876Koror
32%
1,021Port Hedland
32%
665Mount Isa
30%
1,016Weno
30%
557Cuiabá
30%
649Boa Vista
28%
585Thompson
26%
689Tamanrasset
26%
1,054Puerto Ayora
26%
682Ambon
25%
671Kota Kinabalu
25%
573Bethel
23%
671Gjoa Haven
23%
1,895Tabwakea
23%
760Porto Velho
23%
598Şalālah
23%
684Waitangi
23%
722Kupang
23%
526Ciudad Guayana
21%
725Inuvik
21%
574Vorkuta
21%
561Kolonia
21%
875Tiksi
21%
1,536Rikitea
21%
702Kuching
19%
1,400Atuona
19%
746Al Jawf
18%
852Rankin Inlet
18%
912Nyala
18%
563Mbeya
16%
595Sabhā
16%
583Rundu
16%
596Port Mathurin
16%
822Unalaska
16%
553Moerai
14%
662Tasiilaq
14%
640Surgut
14%
787Mirny
14%
616Bilibino
14%
599Arawa
14%
647Tofol
12%
550Nhulunbuy
12%
543Atafu
12%
682Ust-Nera
12%
700Arijejen
12%
664Neryungri
11%
561Kugluktuk
11%
633Vingt Cinq
11%
1,918Half Tree Hollow
11%
586Khatanga
11%
897Ogasawara
7%
639Qaanaaq
7%
559Tura
7%
628Arctic Bay
7%
550Ifalik
2%

Score Distribution

Percentile by Number Answered

Percent of People with Each Score

Your Score History

You have not taken this quiz